Aspects of the organic chemistry of sulphur (Record no. 20304)

MARC details
000 -LEADER
fixed length control field 00297nam a2200109Ia 4500
082 ## - DEWEY DECIMAL CLASSIFICATION NUMBER
Classification number 661.719
Item number CHA
100 ## - MAIN ENTRY--AUTHOR NAME
Personal name Challenger, Frederick
245 #0 - TITLE STATEMENT
Title Aspects of the organic chemistry of sulphur
260 ## - PUBLICATION, DISTRIBUTION, ETC. (IMPRINT)
Place of publication London
Name of publisher Butterworths
Year of publication 1959
942 ## - ADDED ENTRY ELEMENTS (KOHA)
Koha item type Books
Holdings
Withdrawn status Lost status Damaged status Not for loan Home library Current library Date acquired Full call number Accession Number Koha item type
        RRII Library RRII Library 16/12/2021 661.719 CHA 01033 Books